Práva duševného vlastníctva v kontexte spoločenských potrieb

Práva duševného vlastníctva upravujú všeobecné ako aj osobitné vnútroštátne právne pramene, rovnako sú upravené aj v medzinárodných zmluvách. Systém práv duševného vlastníctva je záležitosťou hľadísk autorov z právnej vedy a preto je ho možné považovať za relatívny a menlivý. V texte nie je charakte...

Descrizione completa

Salvato in:
Dettagli Bibliografici
Autore principale: Gajniak, Ján Florián
Natura: Capitolo di libro
Lingua:slovacco
Soggetti:
Tags: Aggiungi Tag
Nessun Tag, puoi essere il primo ad aggiungerne!!

MARC

LEADER 00000nla$a2200000$$$4500
001 0123165
005 20221207081643.2
041 0 |a slo 
044 |a SK 
245 1 0 |a Práva duševného vlastníctva v kontexte spoločenských potrieb  |c Ján Florián Gajniak 
520 |a Práva duševného vlastníctva upravujú všeobecné ako aj osobitné vnútroštátne právne pramene, rovnako sú upravené aj v medzinárodných zmluvách. Systém práv duševného vlastníctva je záležitosťou hľadísk autorov z právnej vedy a preto je ho možné považovať za relatívny a menlivý. V texte nie je charakteristika všetkých práv duševného vlastníctva, ale z dôvodu rozsahu príspevku iba základná charakteristika práv priemyselného vlastníctva. 
610 2 0 |a vlastníctvo duševné 
610 2 0 |a vlastníctvo priemyselné 
610 2 0 |a právo 
100 1 |a Gajniak, Ján Florián